• 首页
  • 本馆介绍
  • 公告通知
  • 最新文献
  • 馆藏检索
  • 电子资源
  • 读者导购
  • 参考咨询
  • 我的图书馆
  • 登录
  • 详细信息显示
  • 放入我的书架
  • 预约/预借图书
  • 作者相关作品
  • 分类相关作品
  • 丛书相关作品
  • 出版社相关作品

书目信息

  • 表格格式
  • 工作单格式
  • 卡片格式
题名:
电子电路实验与虚拟技术
    
 
作者: 范爱平 编著
分册:  
出版信息: 济南   山东科学技术出版社  2001
页数: 269页
开本: 26cm
丛书名:
单 册:
中图分类: TN710-33
科图分类:
主题词: 电子电路--实验 , 电子电路--仿真--实验
电子资源:
ISBN: 7-5331-2945-8
000 00657nam0 2200217 45
001 0303050847
005 20031219104106.3
010    @a7-5331-2945-8@dCNY25.00
100    @a20030305d2001 km y0chiy0120 ea
101 0  @achi
105    @a z 000yy
200 1  @a电子电路实验与虚拟技术@ADian Zi Dian Lu Shi Yan Yu Xu Ni Ji Shu@f范爱平编著@FFan Ai Ping Bian Zhu
210    @a济南@c山东科学技术出版社@d2001
215    @a269页@d26cm
300    @a高等学校电工电子系列教材
606 0  @a电子电路@x实验
606 0  @a电子电路@x仿真@x实验
690    @aTN710-33@v4
701  0 @a范爱平@4编著
801    @aCN@bTSTC@c20030305
905    @b320751-760@dTN710-33@e149@f10
    
    电子电路实验与虚拟技术/范爱平编著.-济南:山东科学技术出版社,2001
    269页;26cm
    高等学校电工电子系列教材
    
    ISBN 7-5331-2945-8:CNY25.00
    
●
相关链接 在E读中查询图书 在五车中查询图书 在当当中查询图书 在豆瓣中查询图书


正题名:电子电路实验与虚拟技术     索取号:TN710-33/149         预约/预借

序号 登录号 条形码 馆藏地/架位号 状态 备注
1 0320751   203207519   第三借阅区/ [索取号:TN710-33/149] 在馆    
2 0320752   203207528   第三借阅区/ [索取号:TN710-33/149] 在馆    
3 0320753   203207537   第三借阅区/ [索取号:TN710-33/149] 在馆    
4 0320754   203207546   第三借阅区/ [索取号:TN710-33/149] 在馆    
5 0320755   203207555   第三借阅区/ [索取号:TN710-33/149] 在馆    
6 0320756   203207564   第三借阅区/ [索取号:TN710-33/149] 在馆    
7 0320757   203207573   第三借阅区/ [索取号:TN710-33/149] 在馆    
8 0320758   203207582   第三借阅区/ [索取号:TN710-33/149] 在馆    
9 0320759   203207591   第三借阅区/ [索取号:TN710-33/149] 在馆    
10 0320760   203207608   第二样本阅览室/ [索取号:TN710-33/149] 在馆    
唐山师范学院图书馆 欢迎您!
大连网信软件有限公司© 版权所有